• 首页
  • 本馆介绍
  • 公告通知
  • 最新文献
  • 馆藏检索
  • 电子资源
  • 读者导购
  • 参考咨询
  • 我的图书馆
  • 登录
  • 详细信息显示
  • 放入我的书架
  • 预约/预借图书
  • 作者相关作品
  • 分类相关作品
  • 丛书相关作品
  • 出版社相关作品

书目信息

  • 表格格式
  • 工作单格式
  • 卡片格式
题名:
劳动价值学说新探
    
 
作者: 晏智杰 著
分册:  
出版信息: 北京   北京大学出版社  2001
页数: 12,431页
开本: 21cm
丛书名: 晏智杰经济学著作系列
单 册:
中图分类: F014.2
科图分类:
主题词: 价值论--研究 , 价值论
电子资源:
ISBN: 7-301-04886-6
000 00835oam2 2200265 450
001 012007267326
005 20070605150057.46
010    @a7-301-04886-6@dCNY25.00
100    @a20070602d2001 km y0chiy0120 ea
101 0  @achi
102    @aCN@b110000
105    @ay z 000yy
106    @ar
200 1  @a劳动价值学说新探@Alao dong jia zhi xue shuo xin tan@f晏智杰著@Fyan zhi jie zhu
210    @a北京@c北京大学出版社@d2001
215    @a12,431页@d21cm
225 2  @a晏智杰经济学著作系列
330    @a本书分三篇,第一篇是对马克思劳动价值论的反思,第二篇是时代变迁中的劳动价值论,第三篇是“价值转形论”百年论战史考。
461  0 @12001 @a晏智杰经济学著作系列
606 0  @a价值论@x研究
606 0  @a价值论
690    @aF014.2@v4
701  0 @a晏智杰@Ayan zhi jie@4著
801  0 @aCN@bRULIN@c20070605
905    @dF014.2@e302@s8
    
    劳动价值学说新探/晏智杰著.-北京:北京大学出版社,2001
    12,431页;21cm.-(晏智杰经济学著作系列)
    
    
    ISBN 7-301-04886-6:CNY25.00
    本书分三篇,第一篇是对马克思劳动价值论的反思,第二篇是时代变迁中的劳动价值论,第三篇是“价值转形论”百年论战史考。
●
相关链接 在E读中查询图书 在五车中查询图书 在当当中查询图书 在豆瓣中查询图书


正题名:劳动价值学说新探     索取号:F014.2/302         预约/预借

序号 登录号 条形码 馆藏地/架位号 状态 备注
1 0582130   205821306   第一样本阅览室/ [索取号:F014.2/302] 在馆    
2 0582131   205821315   第一借阅区/ [索取号:F014.2/302] 在馆    
3 0582132   205821324   密集书库/ [索取号:F014.2/302] 在馆    
4 0582133   205821333   第一借阅区/ [索取号:F014.2/302] 在馆    
5 0582134   205821342   第一借阅区/ [索取号:F014.2/302] 在馆    
6 0582135   205821351   密集书库/ [索取号:F014.2/302] 在馆    
7 0582136   205821360   第一借阅区/ [索取号:F014.2/302] 在馆    
8 0582137   205821379   密集书库/ [索取号:F014.2/302] 在馆    
唐山师范学院图书馆 欢迎您!
大连网信软件有限公司© 版权所有